00506nam a22001457a 450000500170000000800410001702000280005804100130008608200130009910000410011224500990015326000570025230000260030965000250033520240119095234.0240119b |||||||| |||| 00| 0 eng d a0409003301 ; 0409003727 aEnglish  a349 JOU  aJoubert, WA and Scott, TJ lEnglish  aThe Law of South Africa : Post-mortems, Burials, Anatomy to Race / cWA Joubert and TJ Scott  aDurban : bButterworth Publishers (Pty) Ltd, c1984  b528 pages ; c26 cm.  aLegal practice bLaw